Normal view
MARC view
- Política cultural
Entry Materia
001 - NÚMERO DE CONTROL DEL REGISTRO
- campo de control: 1382
003 - IDENTIFICADOR DE NUMERO DE CONTROL
- campo de control: MX-MxUPN
005 - FECHA Y HORA DE LA ÚLTIMA TRANSACCIÓN
- campo de control: 20240105140237.0
008 - DATOS DE LONGITUD FIJA
- campo de control de longitud fija: 240105n||acnnnbabn | ana |d
035 ## - NÚMERO DE CONTROL DEL SISTEMA
- Número de control del sistema: UPN10000001382
040 ## - FUENTE DE LA CATALOGACIÓN
- Centro catalogador de origen: MX-MxUPN
- Lengua de catalogación: spa
- Agencia de transcripción: MX-MxUPN
150 ## - ENCABEZAMIENTO - TEMÁTICO
- Término de materia o nombre geográfico como elemento inicial: Política cultural
360 ## - REFERENCIA COMPLEJA DE VÉASE ADEMÁS - MATERIA
- Texto explicativo: la subdivisión
- Encabezamiento al que se remite: Política cultural
- Texto explicativo: bajo nombres de países, ciudades, etc.
550 ## - VÉASE ADEMÁS - MATERIA
- Subcampo de control: g
- Encabezamiento temático o nombre geográfico como elemento de entrada: Cultura
550 ## - VÉASE ADEMÁS - MATERIA
- Subcampo de control: g
- Encabezamiento temático o nombre geográfico como elemento de entrada: Cultura popular
550 ## - VÉASE ADEMÁS - MATERIA
- Subcampo de control: g
- Encabezamiento temático o nombre geográfico como elemento de entrada: Vida intelectual
670 ## - FUENTE EN LA QUE SE LOCALIZARON DATOS
- Cita de la fuente: LC
- Información localizada: Cultural policy
902 ## - CATALOGADOR
- Catalogador: CAA/090697
